LEADER 01357nam a2200265 4500 001 000000332363 003 CaOOAMICUS 005 20190221173115.0 008 190129s2005 it 000 u ita r 040 $aSeMil$bita 100 1 $aVanhoye, Albert,$c.$0(OLS)http://semarc/name/4665 245 13$aIl sacerdozio di Cristo e dei cristiani :$besercizi spirituali /$cAlbert Vanhoye . 264 1$aSiena :$bFrati Minori Conventuali custodi del Santuario delle SS. Particole,$c2005. 300 $a127 p. ;$c20 cm 490 1 $aQuaderni di spiritualitą eucaristica ;$v59 650 4$aSacerdozio dei fedeli.$0(OLS)http://semarc/subject/6298 650 4$aSacerdozio comune.$0(OLS)http://semarc/subject/41255 650 4$aGesł Cristo - Sacerdozio.$0(OLS)http://semarc/subject/9390 650 4$aEsercizi spirituali - Testi.$0(OLS)http://semarc/subject/3261 830 0$aQuaderni di spiritualitą eucaristica ;$v59.$0(OLS)http://semarc/title/12806 850 $aSeMil 852 $aSeMil$W1$xVenegono$y1$m3F VI 310$j212867$B225871$CSeMilBibl$Z2$F225871 $81 996 $6245$aIl sacerdozio di Cristo e dei cristiani :$besercizi spirituali$9(OLS)http://semarc/title/421196 996 $6264$aSiena :$bFrati Minori Conventuali custodi del Santuario delle SS. Particole$9(OLS)http://semarc/publisher/36266 LEADER 00655nam a2200181 i 4500 001 000000098914 003 CaOOAMICUS 005 20180830171849.0 008 180830s1992 it u000 u ita u 013 $a71066 020 $a88-311-9402-X 040 $aSeMil$bita 245 10$aLibro 1. /$cintroduzione di Vincenzo Recchia ; prefazione di Emilio Gandolfo. 300 $a395 p., [2] c. di tav. 700 1 $aRecchia, Vincenzo .$0(OLS)http://semarc/name/933 700 1 $aGandolfo, Emilio <1919-1999>.$0(OLS)http://semarc/name/934 996 $6020$a88-311-9402-X$9(OLS)http://semarc/number/79133 996 $6245$aLibro 1.$9(OLS)http://semarc/title/68480